000 01997 a2200241 4500
001 267
005 20260407155418.0
008 260407a1997 arg spa d
003 AR-UNSa-BCEJYS
040 _aAR-UNSa-BCEJYS
_bspa
_cAR-UNSa-BCEJYS
080 _a658
_xAdministración de empresas. Organización comercial
245 1 0 _aLa administración en una epoca de grandes cambios
020 _a950-07-1127-3
250 _a2a. ed
264 1 _aBuenos Aires :
_bSudamericana
_c1997
300 _a251 p.
_c23 cm
505 _a1. La teoría de la empresa - 2. Planificar para lo incierto - 3. Los cinco pecados capitales de la empresa - 4. La gestión de la empresa familiar - 5. Seis reglas para presidentes - 6. La gestión en la sociedad reticular - 7. La nueva sociedad de las organizaciones - 8. Hay tres clases de equipos - 9. La revolución informativa en los comercios - 10. Aprenda a manejar datos. Sepa qué hacer - 11. Necesitamos medir, no contar - 12. La información que los ejecutivos necesitan hoy - 13. Lecciones de la economía mundial - 14. El desplazamiento del poder en la economía de Estados Unidos - 15. Allí donde están los nuevos mercados - 16. La franja del Pacífico y la economía mundial - 17. Los mercados chinos en expansión - 18. ¿Japón S.A. está llegando a su fin? - 19. Un dólar débil fortalece a Japón - 20. La nueva superpotencia: los chinos de fuera de China - 21. Un siglo de transformaciones sociales - 22. Fortalecer las organizaciones no lucrativas resultará lucrativo para nosotros - 23. El trabajo del saber y los objetivos de hombres y mujeres - 24. Reinventar el gobierno - 25. ¿Las democracias pueden ganar la paz?
942 _cBK
590 _aniveau_biblio:m niveau_hierar:0
100 1 _aDrucker, Peter Ferdinand
700 1 _aMerino, María Isabel
856 4 1 _uhttps://biblioeco.unsa.edu.ar/pmb/images/libros/La administraci?n en una epoca de grandes cambios Drucker, Peter Ferdinand (2004) .jpg
_yImagen de portada
_qimage/jpeg
999 _c179
_d179